000 00919cam a2200133 4500500
005 20260405085419.0
041 _afre
042 _adc
100 1 0 _aHerzlich, Claudine
_eauthor
245 0 0 _aRéussir sa thèse en sciences sociales
260 _bArmand Colin,
_c2005.
520 _aChoisir son sujet et son directeur de thèse, s'organiser matériellement et financièrement, mener à bien son enquête, rédiger sa thèse en évitant les « blocages » possibles, préparer sa soutenance ; telles sont quelques-unes des étapes que ce livre, par ses multiples conseils, vous aidera à franchir. Il vous sera également utile pour comprendre les points de vues d'expérience de votre directeur, les avis de vos proches et des autres thésards que vous serez amené à rencontrer.
856 4 1 _uhttps://shs.cairn.info/reussir-sa-these-en-sciences-sociales--9782200342395?lang=fr&redirect-ssocas=7080
999 _c2197392
_d2197392